| 000 | 00356nam a22001457a 4500 | ||
|---|---|---|---|
| 003 | OSt | ||
| 005 | 20160727222350.0 | ||
| 008 | 160622b xxu||||| |||| 00| 0 eng d | ||
| 040 | _cTest | ||
| 100 |
_9373 _aMoore, C. C |
||
| 245 | _aThe Night Before christmas | ||
| 260 |
_aG.B Award Pub.Ltd. _cMEMXXX |
||
| 300 | _aThe Night Before christmas | ||
| 942 |
_2ddc _cBK |
||
| 999 |
_c304 _d304 |
||